Name all the countries that start with the letter A, Z, B, and C - Statistics

General Stats
  • This quiz has been taken 30 times
    28 since last reset
  • The average score is 42 of 46
Answers on the Map
Answers color-coded by a green-red scale on the quiz's map according to % correct below.
 
Answer Stats
Answer % Correct
Afghanistan
100%
Algeria
100%
Armenia
100%
Australia
100%
Austria
100%
Brazil
100%
Croatia
100%
Zambia
100%
Zimbabwe
100%
Albania
96%
Bahamas
96%
Bangladesh
96%
Barbados
96%
Belgium
96%
Bosnia and Herzegovina
96%
Canada
96%
Chile
96%
China
96%
Angola
92%
Antigua and Barbuda
92%
Argentina
92%
Azerbaijan
92%
Bahrain
92%
Belarus
92%
Bolivia
92%
Botswana
92%
Brunei
92%
Cambodia
92%
Cameroon
92%
Chad
92%
Colombia
92%
Andorra
88%
Belize
88%
Bhutan
88%
Central African Republic
88%
Comoros
88%
Costa Rica
88%
Cuba
88%
Czech Republic
88%
Cyprus
85%
Benin
81%
Bulgaria
81%
Burundi
81%
Burkina Faso
77%
Côte d'Ivoire
54%
Cabo Verde
42%
No matching quizzes found
Score Distribution
Percent of People with Each Score
Percentile by Number Answered
Your Score History
You have not taken this quiz since the last reset